Popularne polskie piosenki w tym tygodniu. 15-21.01. - Statystyki

Ogólne statystyki
  • Ten quiz został rozwiązany 7 razy
  • Średni wynik to 10 z 30
Statystyki odpowiedzi
Wykonawca Wyświetlenia Utwór % Poprawnych
Quebonafide feat. Daria Zawiałow 585K BUBBLETEA
86%
Sobel 1.31M Kinol
86%
Alberto 725K Dwutakt
71%
Wiatr feat. Sobel, Be Vis 1.25M Testarossa
71%
Sanah feat. Vito Bambino 2.04M Ale jazz!
57%
Guzior 2.32M BLUEBERRY
57%
Guzior feat. Oskar83 1.84M FALA
57%
ReTo 594K Billy Kid
43%
Wac Toja 575K Kapitan
43%
Qry feat. Mini Majk 618K Mały ale wariat
43%
Żabson feat. Vladimir Cauchemar 1.15M OBOK
43%
Florek feat. Młodypago, Piluś 804K Buzi
29%
Kali x Major feat. PlanBe 767K California
29%
Kizo feat. Trill Pem 816K Fitness
29%
Kizo feat. Jaill 799K Ghetto Trap
29%
Kabe 1.54M Nad ranem
29%
Szpaku feat. Chivas 1.07M Potwór
29%
PRO8L3M feat. Brodka 1.27M Żar
29%
Major SPZ 848K BAM BAM
14%
Cheatz 611K gdzie jest stary dawid
14%
BARANOVSKI 856K Lubię być z nią
14%
Defis & MiłyPan 922K Musisz się starać
14%
Bedoes & Lanek feat. Szpaku 588K Nawiedzony Dom /
14%
Tymek, Kuba Karaś, Urbanski 610K Oczko w głowie
14%
Vivat 1.12M Oddam ci wszystko
14%
Josef Bratan x Malik Montana 733K Wuwua
14%
Szpaku feat. Zdechły Osa 649K Zły
14%
KęKę 573K Moja Gwardia
0%
Bedoes & Lanek 700K NIEWIEŚCIN BYDGOSZCZ /
0%
Bedoes & Lanek 1.02M TOA$T /
0%
Nie znaleziono quizów pasujących do podanych kryteriów
Rozkład punktacji
Procent ludzi z każdym wynikiem
Percentyl według liczby udzielonych odpowiedzi
Twoja historia wyników
Nie rozwiązałeś tego quizu